ბათუმის შოთა რუსთაველის სახელმწიფო უნივერსიტეტის ბიბლიოთეკა

ჩანაწერი Personal Name

ჩანაწერთა რაოდენობა, რომელიც გამოყენებულია: 4

001 - CONTROL NUMBER

  • control field: 5541

003 - CONTROL NUMBER IDENTIFIER

  • control field: GE_BSU

005 - DATE AND TIME OF LATEST TRANSACTION

  • control field: 20191122155419.0

008 - FIXED-LENGTH DATA ELEMENTS

  • fixed length control field: 191122|| aca||aabn | a|a d

040 ## - CATALOGING SOURCE

  • Original cataloging agency: GE_BSU
  • Transcribing agency: GE_BSU

100 ## - HEADING--PERSONAL NAME

  • Personal name: ნიცშე, ფრიდრიხ, 1844-1900.

670 ## - SOURCE DATA FOUND

  • Source citation: Work cat.: (GE_BSU): ნიცშე, ფრიდრიხ, 1844-1900., რჩეული თხზულებები. ტ. 1 :